000
00306nam a22001337a 4500
008
170426b xxu||||| |||| 00| 0 eng d
020
_a
9780471160298
041
_a
eng
080
_2
5TH
_a
547
100
_a
12
101
_a
SHM
245
_a
FUNDAMENTALS OF ORGANIC CHEMISTRY
_c
SOLOMONS
942
_2
udc
_c
BK
999
_c
12156
_d
12156